Biathletin zu Land - Statistiken

Allgemein
  • Dieses Quiz wurde 69 mal gespielt
  • Das Durchschnittsergebnis liegt bei 13 aus 20
Antwortstatistiken
Biathletin Land % Korrekt
Suvi Minkkinen Finnland
96%
Janina Hettich-Walz Deutschland
89%
Vanessa Voigt Deutschland
88%
Lisa Vittozzi Italien
87%
Selina Grotian Deutschland
85%
Elvira Öberg Schweden
85%
Océane Michelon Frankreich
82%
Julia Simon Frankreich
82%
Anna Magnusson Schweden
81%
Anna Gandler Österreich
79%
Lou Jeanmonnot Frankreich
78%
Khrystyna Dmytrenko Ukraine
78%
Ingrid Landmark Tandrevold Norwegen
75%
Hanna Öberg Schweden
75%
Maren Kirkeeide Norwegen
73%
Lisa-Theresa Hauser Österreich
73%
Julia Tannheimer Deutschland
70%
Marthe Krakstad Johansen Norwegen
70%
Michela Carrara Italien
68%
Lea Meier Schweiz
68%
Camille Bened Frankreich
67%
Karoline Offigstad Knotten Norwegen
65%
Milena Todorova Bulgarien
64%
Deedra Irwin Vereinigte Staaten
62%
Ella Halvarsson Schweden
61%
Aita Gasparin Schweiz
59%
Maya Cloetens Belgien
58%
Marketa Davidova Tschechien
58%
Kamila Zuk Polen
55%
Shilo Rousseau Kanada
54%
Lora Hristova Bulgarien
50%
Tereza Vobornikova Tschechien
50%
Anna Andexer Österreich
46%
Polona Klemencic Slowenien
43%
Amy Baserga Schweiz
41%
Anna Juppe Österreich
39%
Baiba Bendika Lettland
36%
Regina Ermits Estland
29%
Estere Volfa Lettland
26%
Susan Külm Estland
18%
Keine übereinstimmenden Quizze gefunden
Verteilung der Resultate
Anzahl Personen mit jedem Resultat
Perzentil nach korrekt beantworteten Fragen
Ihre Resultats-Entwicklung
Sie haben dieses Quiz noch nicht gespielt